Biathlet zu Land - Statistiken

Allgemein
  • Dieses Quiz wurde 47 mal gespielt
  • Das Durchschnittsergebnis liegt bei 11 aus 20
Antwortstatistiken
Biathlet Land % Korrekt
Philipp Nawrath Deutschland
87%
Dmytro Pidruchnyi Ukraine
86%
Sturla Holm Laegreid Norwegen
82%
Johannes Dale-Skjevdal Norwegen
81%
Tommaso Giacomel Italien
80%
Fabien Claude Frankreich
78%
Tero Seppala Finnland
77%
Éric Perrot Frankreich
75%
Martin Ponsiluoma Schweden
75%
Simon Eder Österreich
69%
Philipp Horn Deutschland
68%
Émilien Jacquelin Frankreich
67%
Lukas Hofer Italien
67%
Sebastian Samuelsson Schweden
67%
Campbell Wright Vereinigte Staaten
67%
Quentin Fillon-Maillet Frankreich
65%
Oscar Lombardot Frankreich
64%
Olli Hiidensalo Finnland
61%
Johan-Olav Botn Norwegen
61%
Justus Strelow Deutschland
58%
David Zobel Deutschland
58%
Jesper Nelin Schweden
56%
Niklas Hartweg Schweiz
50%
Sebastian Stalder Schweiz
50%
Michal Krcmar Tschechien
50%
Florent Claude Belgien
47%
Andrejs Rastorgujevs Lettland
47%
Dominic Unterweger Österreich
47%
Vitalii Mandzyn Ukraine
47%
Martin Uldal Norwegen
46%
Thierry Langer Belgien
39%
Lovro Planko Slowenien
35%
Vytautas Strolia Litauen
33%
Renars Birkentals Lettland
31%
Vitezslav Hornig Tschechien
29%
Adam Runnalls Kanada
28%
Joscha Burkhalter Schweiz
27%
Rene Zahkna Estland
25%
Maxime Germain Vereinigte Staaten
23%
Jan Gunka Polen
18%
Keine übereinstimmenden Quizze gefunden
Verteilung der Resultate
Anzahl Personen mit jedem Resultat
Perzentil nach korrekt beantworteten Fragen
Ihre Resultats-Entwicklung
Sie haben dieses Quiz noch nicht gespielt